EPIC: The Musical - Lyrics Sort #19 - No Longer You - Statistics

General Stats
  • This quiz has been taken 206 times
  • The average score is 23 of 29
Answer Stats
Hint Answer % Correct
Line 1 I am the prophet with the answers you seek
99%
Line 4 There is a world where I help you get home
95%
Line 2 Time, I've unlocked it
95%
Line 5 But that's not a world I know
94%
Line 3 I see past and future running free
94%
Line 7 I see a song of past romance [1]
91%
Line 8 I see the sacrifice of man [1]
88%
Line 10 And a brother's final stand [1]
83%
Line 9 I see portrayals of betrayal [1]
83%
Line 6 What?
82%
Line 13 I see a man who gets to make it home alive [1]
81%
Line 12 I see you draw your final breath [1]
81%
Line 11 I see you on the brink of death [1]
81%
Line 14 But it's no longer you [1]
80%
Line 17 Now you tell us our effort's for nothing
79%
Line 16 We've suffered and sailed through the toughest of hells
79%
Line 15 This can't be
77%
Line 22 I see a song of past romance [2]
75%
Line 23 I see that sacrifice of man [2]
75%
Line 18 I see your palace covered in red
75%
Line 20 I see your wife with a man who is haunting
75%
Line 21 A man with a trail of bodies (WHO?)
74%
Line 29 But it's no longer you [2]
74%
Line 28 I see a man who gets to make it home alive [2]
74%
Line 25 And a brother's final stand [2]
73%
Line 19 Faces of men who had long believed you're dead
73%
Line 24 I see portrayals of betrayal [2]
73%
Line 27 I see you draw your final breath [2]
73%
Line 26 I see you on the brink of death [2]
73%
No matching quizzes found
Score Distribution
Percent of People with Each Score
Percentile by Number Answered
Your Score History
You have not taken this quiz